Pokémon fusionnés avec Togepi - Statistiques

Statistiques générales
  • Ce quiz a été pris 104 fois
  • Le résultat moyen est 12 sur 16
Statistiques - réponses
Par images Réponse % Correct
Mewtwo
99%
Tauros
98%
Empiflor
90%
Chaglam
86%
Fulguris
80%
Rozbouton
78%
Coxy
77%
Crocrodil
76%
Lumivole
70%
Haydaim
69%
Carapagos
68%
Escargaume
68%
Sarmuraï
68%
Verpom
64%
Lépidonille
63%
Coléodôme
52%
Aucun quiz correspondant
Distribution des résultats
% des personnes avec chaque résultat
Percentile par nombre de réponses
Votre historique - résultats
Vous n’avez pas pris ce quiz